|
|
|
|
| LEADER |
00000nam0a2200000 4500 |
| 001 |
252332 |
| 005 |
20231101232735.0 |
| 035 |
|
|
|a (RuTPU)RU\TPU\book\274664
|
| 090 |
|
|
|a 252332
|
| 100 |
|
|
|a 20140301d1905 m y0gery50 ba
|
| 101 |
0 |
|
|a ger
|
| 102 |
|
|
|a DE
|
| 105 |
|
|
|a al z 001zy
|
| 200 |
1 |
|
|a Praktisches Handbuch des Zeugdrucks
|f E. Lauber
|h Supplement-Band zur vierten Auflage des I. Bandes und zweiten Auflage des II. und III. Bandes
|
| 210 |
|
|
|a Leipzig
|c Verlag von Siegbert Schnurpfeil
|d 1905
|
| 215 |
|
|
|a 244 s.
|c mit Abbildungen und Zeugproben
|
| 316 |
|
|
|5 63413507: 45//435
|a На титульном листе надпись: "Заказ г. Джонса"
|
| 320 |
|
|
|a Register. : s. 238-244.
|
| 541 |
1 |
|
|a Практическое руководство по набивке ткани
|z ger
|
| 606 |
1 |
|
|a Текстильная промышленность
|x Процессы
|2 stltpush
|3 (RuTPU)RU\TPU\subj\58749
|9 76501
|
| 610 |
1 |
|
|a текстильное производство
|
| 610 |
1 |
|
|a ткани
|
| 610 |
1 |
|
|a производства
|
| 610 |
1 |
|
|a набивные ткани
|
| 610 |
1 |
|
|a свойства
|
| 610 |
1 |
|
|a отбеливание
|
| 610 |
1 |
|
|a отбеливающие средства
|
| 610 |
1 |
|
|a окрашивание
|
| 610 |
1 |
|
|a красители
|
| 610 |
1 |
|
|a печатание
|
| 610 |
1 |
|
|a оборудование
|
| 610 |
1 |
|
|a образцы
|
| 610 |
1 |
|
|a Заказ профессора В. Н. Джонса
|
| 610 |
1 |
|
|a немецкий язык
|
| 675 |
|
|
|a 677.02
|v 3
|
| 700 |
|
1 |
|a Lauber
|b E.
|g Eduard
|
| 801 |
|
1 |
|a RU
|b 63413507
|c 20140301
|
| 801 |
|
2 |
|a RU
|b 63413507
|c 20221207
|g RCR
|
| 942 |
|
|
|c BK
|